000 00635nam a22002297a 4500
001 86255
003 UA-OsUOA
005 20211105204426.0
007 ta
008 20120827b un ||||| |||| 00| 0 ukr d
020 _a5-88439-062-9
040 _aUA-OsUOA
_brus
_cUA-OsUOA
_dUA-OsUOA
041 _arus
080 _a94(47+571)
090 _a94(47+571)
_bВ11
245 _aВ поисках своего пути: Россия между Европой и Азией
_cФедоровский Н. Г.
260 _aМ.
_bЛогос
_c1997
300 _a750 с.
650 7 _a94 Історія
_2UDC
942 _cBK
_2udc
955 _a2
999 _c372532
_d372532